<?xml version="1.0" encoding="UTF-8"?>
<record
    xmlns:xsi="http://www.w3.org/2001/XMLSchema-instance"
    xsi:schemaLocation="http://www.loc.gov/MARC21/slim http://www.loc.gov/standards/marcxml/schema/MARC21slim.xsd"
    xmlns="http://www.loc.gov/MARC21/slim">

  <leader>01558nam a22002657a 4500</leader>
  <datafield tag="999" ind1=" " ind2=" ">
    <subfield code="c">22097</subfield>
    <subfield code="d">22097</subfield>
  </datafield>
  <controlfield tag="003">AR-CdUCM</controlfield>
  <controlfield tag="008">190425b           ||||| |||| 00| 0 spa d</controlfield>
  <datafield tag="040" ind1=" " ind2=" ">
    <subfield code="a">MUNICIPALIDAD PROVINCIAL DEL CUSCO</subfield>
    <subfield code="c">BIBLIOTECA MUNICIPAL DEL CUSCO</subfield>
  </datafield>
  <datafield tag="082" ind1=" " ind2=" ">
    <subfield code="a">Parlante/N&#xB0;106/2011</subfield>
  </datafield>
  <datafield tag="110" ind1=" " ind2=" ">
    <subfield code="a">Centro Guam&#xE1;n Poma de Ayala </subfield>
    <subfield code="9">20511</subfield>
  </datafield>
  <datafield tag="245" ind1=" " ind2=" ">
    <subfield code="a">Parlante :</subfield>
    <subfield code="b">Revista del Cusco /</subfield>
  </datafield>
  <datafield tag="260" ind1=" " ind2=" ">
    <subfield code="a">Cusco :</subfield>
    <subfield code="b">Centro de Educaci&#xF3;n y Comunicaci&#xF3;n Guam&#xE1;n Poma de Ayala,</subfield>
    <subfield code="c">2011.</subfield>
  </datafield>
  <datafield tag="300" ind1=" " ind2=" ">
    <subfield code="a">36 p&#xE1;ginas. :</subfield>
    <subfield code="b">ilustraciones ;</subfield>
    <subfield code="c">30 cm.</subfield>
  </datafield>
  <datafield tag="440" ind1=" " ind2=" ">
    <subfield code="a">Parlante revista del Cusco.</subfield>
    <subfield code="n">A&#xF1;o 25, N&#xB0;106, diciembre 2010-enero 2011.</subfield>
    <subfield code="9">47440</subfield>
  </datafield>
  <datafield tag="505" ind1=" " ind2=" ">
    <subfield code="a">Contenido: Pol&#xED;ticas culturales una necesidad para reconstruir la ciudadan&#xED;a. -- Entrevista a Jorge Acurio Tito el desarrollo humano como semilla de la riqueza sostenible. Luis Nieto Degregori. -- Entrevista a Luis Flores Garc&#xED;a una ciudad ordenada y amigable. Juan Galiano Rom&#xE1;n. -- Cusco religioso. Luis H. Figueroa. -- Manos unidad en Cusco premio Principe de Asturias de la Concordia 2010. -- Prevenir para no lamentar la actualizaci&#xF3;n del mapa de peligros del Cusco. Eliana Ricalde. -- Una sirena de Huanta los sue&#xF1;os de Magaly Solier. Jorge Alejamdro Vargas. ...</subfield>
  </datafield>
  <datafield tag="650" ind1=" " ind2=" ">
    <subfield code="a">Actualidad y pol&#xED;tica</subfield>
    <subfield code="9">47410</subfield>
  </datafield>
  <datafield tag="650" ind1=" " ind2=" ">
    <subfield code="a">Centro Hist&#xF3;rico Cusco</subfield>
    <subfield code="9">46767</subfield>
  </datafield>
  <datafield tag="650" ind1=" " ind2=" ">
    <subfield code="a">Educaci&#xF3;n, cultura y deportes</subfield>
    <subfield code="9">47422</subfield>
  </datafield>
  <datafield tag="650" ind1=" " ind2=" ">
    <subfield code="a">Medio ambiente</subfield>
    <subfield code="9">47423</subfield>
  </datafield>
  <datafield tag="700" ind1=" " ind2=" ">
    <subfield code="a">Vargas Prado, Alejandro</subfield>
    <subfield code="9">47438</subfield>
  </datafield>
  <datafield tag="700" ind1=" " ind2=" ">
    <subfield code="a">Venero Torres, C&#xE9;sar</subfield>
    <subfield code="9">47439</subfield>
  </datafield>
  <datafield tag="710" ind1=" " ind2=" ">
    <subfield code="a">Centro Guam&#xE1;n Poma de Ayala</subfield>
    <subfield code="9">20511</subfield>
  </datafield>
  <datafield tag="942" ind1=" " ind2=" ">
    <subfield code="2">ddc</subfield>
    <subfield code="c">PP</subfield>
  </datafield>
  <datafield tag="945" ind1=" " ind2=" ">
    <subfield code="a">vhl</subfield>
  </datafield>
  <datafield tag="952" ind1=" " ind2=" ">
    <subfield code="0">0</subfield>
    <subfield code="2">ddc</subfield>
    <subfield code="4">0</subfield>
    <subfield code="7">0</subfield>
    <subfield code="a">HEM</subfield>
    <subfield code="b">HEM</subfield>
    <subfield code="c">CART</subfield>
    <subfield code="d">2022-03-04</subfield>
    <subfield code="g">5.00</subfield>
    <subfield code="o">Parlante/N&#xB0;106/2011</subfield>
    <subfield code="p">REVC000760</subfield>
    <subfield code="r">2022-03-04</subfield>
    <subfield code="y">PP</subfield>
  </datafield>
</record>
